01769nas a2200289Ia 4500001001100000003001000011008004100021040002500062041001300087100004200100210001300142222001300155245011400168250001100282260004200293300001100335310001000346362001300356500038000369501011400749520038000863650002801243942000701271957000601278999003301284952016201317R264-R6423IT-CnALBA170116c99999999xx |||||||||||| ||und|| aIT-CnALBAcIT-CnALBA aITALIANO aCOLOMBO GIOVANNI, CARDINALE DI MILANO aLITURGIA aLITURGIA 0aLITURGIA. NOTIZIARIO CAL. SUPPLEMENTO AL N. 444-446. LA SETTIMANA LITURGICA A RIETI. LITURGIA O FOLKLORE?...  a1a ed. a ROMAbAZIONE LITURGICA CENTRO cn.d. a48 p.  aVARIA a (n.d.) aBENEDIZIONE DEI CATECHISTI. GLI INNI SACRI DEL MANZONI. L'ARTE DEL PRESIEDERE. ISGRO'' S. BENEDIZIONE DEI VIANDANTI. DI MEZZI E ATTREZZATURE PER I VIANDANTI. LITURGIA MUSICA E COSMO. MINISTRI STRAORDINARI DELLA COMUNIONE EUCARISTICA. L'ASSEMBLEA DI DOMENICA E RUOLO DEL PRESBITERO. SETTIMANA NAZIONALE XXXVII A RIETI. LETTERE AL GIORNALE. LIBRI. INDICE GENERALE ANNATA 1985.  aSocietà San Paolo EM - Piazza San Paolo, 14 - 12051 ALBA (CN) (non commercial uses only) ® Copyright 2017 aBENEDIZIONE DEI CATECHISTI. GLI INNI SACRI DEL MANZONI. L'ARTE DEL PRESIEDERE. ISGRO'' S. BENEDIZIONE DEI VIANDANTI. DI MEZZI E ATTREZZATURE PER I VIANDANTI. LITURGIA MUSICA E COSMO. MINISTRI STRAORDINARI DELLA COMUNIONE EUCARISTICA. L'ASSEMBLEA DI DOMENICA E RUOLO DEL PRESBITERO. SETTIMANA NAZIONALE XXXVII A RIETI. LETTERE AL GIORNALE. LIBRI. INDICE GENERALE ANNATA 1985.  aCULTO PUBBLICO LITURGIA cCR 71 a57989bNOg1c325016d325016 0010406R_264R642371aALBAbALBAd2017-01-16l0oR264-R6423r2017-01-16 00:00:00w2017-01-16yCRz(data import: 16 gennaio 2017) - By Epidotti, Vaglietti.